El extranjero y su sombra: Crética del nacionalismo desde el derecho de extranjería (Record no. 34129)

MARC details
000 -LEADER
campo de control de longitud fija 00359nam a2200121Ia 4500
005 - FECHA Y HORA DE LA ÚLTIMA TRANSACCIÓN
campo de control 20251222154330.0
008 - DATOS DE LONGITUD FIJA--INFORMACIÓN GENERAL
campo de control de longitud fija 251222s9999||||xx |||||||||||||| ||spa||
020 ## - NÚMERO INTERNACIONAL ESTÁNDAR DEL LIBRO
Número Internacional Estándar del Libro 84-285-2027-5
082 ## - NÚMERO DE LA CLASIFICACIÓN DECIMAL DEWEY
Número de clasificación 320.54/O44
100 ## - ENTRADA PRINCIPAL--NOMBRE DE PERSONA
Nombre de persona "Olivín López, Fernando"
245 #0 - MENCIÓN DEL TÍTULO
Título El extranjero y su sombra: Crética del nacionalismo desde el derecho de extranjería
942 ## - ELEMENTOS DE ENTRADA SECUNDARIOS (KOHA)
Tipo de ítem Koha Libros
Holdings
Estatus retirado Estado de pérdida Estado de daño No para préstamo Biblioteca de origen Biblioteca actual Ubicación en estantería Fecha de adquisición Total de préstamos Signatura topográfica completa Código de barras Visto por última vez Precio de reemplazo Tipo de ítem Koha
        Biblioteca Tarma Biblioteca Tarma Programa 22/12/2025   320.54/O44 0011160 22/12/2025 22/12/2025 Libros